000 00236nam a22001097a 4500
003 OSt
005 20250301121820.0
008 250301b |||||||| |||| 00| 0 eng d
040 _c
245 _aIkigai
_cHector garcia
942 _2ddc
_cBK
_n0
999 _c36204
_d36204